01141nam a2200229Ia 4500003000900000008004100009020001800050040001600068080002300084111015100107245028000258260003700538300001500575490005100590650002600641650003100667700002900698700003400727942000700761999001500768952012800783IN-BaIIA211028s9999 xx 000 0 eng d a0-7923-0804-2 cIIA Library a52(082.1)bASS-163 aInternational Astronomical Union Colloquium on Radio Recombination Lines, 25 Years of Investigationn125thcPuschino, USSRd1989 Sep. 11-16916721 0aRadio recombination linesbproceedings of the International Astronomical Union colloquium on radio recombination lines, 25 years of investigation, held in Puschino, USSR, 11-16 Sep 1989cedited byM. A. Gordon and R. L. Sorochenko  aDordrechtbKluwer Academicc1990 avii, 298p. aAstrophysics and space science library; v. 163 aRadio astronomy92849 aRecombination lines916722 aGordon, M. A., ed.97769 aSorochenko, R. L., ed.916723 cBK c9864d9864 00104070aBANbBANcGENd0000-00-00g1648.00l0o52(082.1)/ ASS-163p10774r2021-11-05v1648.00w0000-00-00yBKGRs. 1648